书目信息 |
| 题名: |
鹦鹉的定理
|
|
| 作者: | 盖之 著 ;马金章 译 | |
| 分册: | ||
| 出版信息: | 北京 作家出版社 2002 |
|
| 页数: | 503页 | |
| 开本: | 22cm | |
| 丛书名: | ||
| 单 册: | ||
| 中图分类: | I565.45 | |
| 科图分类: | ||
| 主题词: | 长篇小说--chang pian xiao shuo--法国--现代 | |
| 电子资源: | ||
| ISBN: | 7-5063-2393-1 | |
| 000 | 00916nam0 2200241 450 | |
| 001 | 012006782241 | |
| 005 | 20080825162147.01 | |
| 010 | @a7-5063-2393-1@dCNY26.00 | |
| 100 | @a20060914d2002 km y0chiy0120 ea | |
| 101 | 0 | @achi |
| 102 | @aCN@b110000 | |
| 105 | @ay z 000yy | |
| 200 | 1 | @a鹦鹉的定理@Aying wu de ding li@d= Le Theoreme Du Perroquet@f(法) 德尼·盖之(Denis Guegj)著@F(fa)de ni·gai zhi(Denis Guegj)zhu@g马金章译@Gma jin zhang yi@zeng |
| 210 | @a北京@c作家出版社@d2002 | |
| 215 | @a503页@d22cm | |
| 330 | @a本书主要讲述了一连串奇异事件的巧合构成了一个难解之谜。书中众多的数学历史人物、事件、故事,给读者以知识、以启迪、以力量。 | |
| 510 | 1 | @aLe Theoreme Du Perroquet@zeng |
| 606 | 0 | @a长篇小说@Achang pian xiao shuo@y法国@z现代 |
| 690 | @aI565.45@v4 | |
| 701 | 1 | @a盖之@Agai zhi@b德尼@g(DenisGuegj)@4著 |
| 702 | 0 | @a马金章@Ama jin zhang@4译 |
| 801 | 0 | @aCN@c20080825 |
| 905 | @dI565.45@eG016 | |
| 鹦鹉的定理= Le Theoreme Du Perroquet/(法) 德尼·盖之(Denis Guegj)著/马金章译.-北京:作家出版社,2002 |
| 503页;22cm |
| ISBN 7-5063-2393-1:CNY26.00 |
| 本书主要讲述了一连串奇异事件的巧合构成了一个难解之谜。书中众多的数学历史人物、事件、故事,给读者以知识、以启迪、以力量。 |
| ● |
| 相关链接 |
|
|
|
正题名:鹦鹉的定理
索取号:I565.45/G016
 
预约/预借
| 序号 | 登录号 | 条形码 | 馆藏地/架位号 | 状态 | 备注 |
| 1 | 717001 | 207170014 | 文学库116/116文学库 24排2列3层/ [索取号:I565.45/G016] | 在馆 | |
| 2 | 717002 | 207170023 | 文学库116/116文学库 24排2列3层/ [索取号:I565.45/G016] | 在馆 | |
| 3 | 717003 | 207170032 | 社科二线422/422社科库 25排3列6层/ [索取号:I565.45/G016] | 在馆 | |
| 4 | 717004 | 207170041 | 社科二线400B/400B社科库 5排2列6层/ [索取号:I565.45/G016] | 在馆 | |
| 5 | 717005 | 207170050 | 社科二线400B/400B社科库 5排1列6层/ [索取号:I565.45/G016] | 在馆 |